[Event "2. Bundesliga Ost 2019/2020"]
[Site "alle Wien"]
[Date "2020.01.19"]
[Round "7"]
[Board "2"]
[White "Pingitzer, Harald"]
[Black "Bachofner, Andreas"]
[Result "1/2-1/2"]
[WhiteElo "2334"]
[BlackElo "2213"]
[PlyCount "179"]
[EventDate "2019.10.19"]
[EventType "team"]
[EventRounds "11"]
[EventCountry "AUT"]
[WhiteTeam "SC Donaustadt"]
[BlackTeam "Amateure"]

1. e3 e5 2. b3 d6 3. Bb2 Nf6 4. d4 Nbd7 5. Nf3 e4 6. Nfd2 d5 7. c4 c6 8. Nc3
Bd6 9. cxd5 cxd5 10. Nb5 Bb8 11. Ba3 Nb6 12. Rc1 a6 13. Bc5 Be6 14. Nc3 Bd6 15.
b4 O-O 16. Be2 Nc8 17. O-O b6 18. Bxd6 Nxd6 19. a4 Qe7 20. Qb3 Rfc8 21. b5 a5
22. Rc2 h6 23. Rfc1 Qb7 24. Bf1 Nf5 25. g3 Ne7 26. Bg2 Qd7 27. Qa3 Ra7 28. Ne2
Rxc2 29. Rxc2 Rc7 30. Rxc7 Qxc7 31. Qc3 Qxc3 32. Nxc3 Ne8 33. f3 f5 34. Bh3 Kf7
35. Kf2 Nd6 36. Bf1 Ng8 37. g4 g6 38. gxf5 gxf5 39. f4 Nf6 40. h3 Ke7 41. Be2
Bf7 42. Bd1 Ke6 43. Bb3 Ke7 44. Nf1 Nde8 45. Ng3 Ng7 46. Ke1 Be6 47. Bd1 Bf7
48. Nf1 Bh5 49. Bb3 Bf7 50. Kf2 Kd6 51. Kg3 Ne6 52. Kg2 Nf8 53. Nd2 Ng6 54. Kf2
Ne7 55. Ndb1 Be6 56. Na3 Bf7 57. Nc2 Ng6 58. Ne1 Be6 59. Bd1 Bf7 60. Ng2 Ke6
61. Kg3 Be8 62. Kh2 Bf7 63. Ne2 Nh5 64. Nc3 Nf6 65. Kg3 Be8 66. Bc2 Nh5+ 67.
Kf2 Nf6 68. Bb3 Bf7 69. Bd1 Be8 70. Be2 Bf7 71. Ne1 Ne7 72. Bd1 Bh5 73. Bb3 Bf7
74. Nc2 Be8 75. Ba2 Bh5 76. Na3 Be8 77. Nab1 Bh5 78. Bb3 Kd6 79. Nd2 Ke6 80.
Kg3 Kd6 81. Kh4 Ng6+ 82. Kg3 Ne7 83. Kf2 Ke6 84. Nf1 Be8 85. Ng3 Bg6 86. Bd1
Be8 87. Kg2 Bg6 88. Kh2 Be8 89. Kg1 Bg6 90. Kf1  1/2-1/2

[Event "2. Bundesliga Ost 2019/2020"]
[Site "alle Wien"]
[Date "2020.01.19"]
[Round "7"]
[Board "3"]
[White "Frindt, Kornel"]
[Black "Kummer, Helmut"]
[Result "1/2-1/2"]
[WhiteElo "2196"]
[BlackElo "2286"]
[PlyCount "122"]
[EventDate "2019.10.19"]
[EventType "team"]
[EventRounds "11"]
[EventCountry "AUT"]
[WhiteTeam "Amateure"]
[BlackTeam "SC Donaustadt"]

1. e4 g6 2. d4 Bg7 3. c4 d6 4. Nc3 Nf6 5. Be2 O-O 6. Nf3 e5 7. O-O Nc6 8. d5
Ne7 9. b4 Nh5 10. Re1 h6 11. c5 Nf4 12. Bc4 Kh7 13. Bxf4 exf4 14. Rc1 Bg4 15.
Ng5+ hxg5 16. Qxg4 Ng8 17. c6 Nh6 18. Qd1 b6 19. Ba6 Qe7 20. h3 Be5 21. Nb5 Kg7
22. Bb7 Rae8 23. Nxa7 Rh8 24. f3 f5 25. Nb5 g4 26. hxg4 fxg4 27. Kf1 gxf3 28.
gxf3 Nf7 29. Rc2 Rh3 30. Rg2 Reh8 31. Ke2 Rh2 32. Reg1 Bf6 33. Kf1 Rxg2 34.
Kxg2 Be5 35. Kf1 Rh2 36. Nd4 Bxd4 37. Qxd4+ Ne5 38. Rg2 Rh3 39. Rf2 Rh1+ 40.
Ke2 Qg5 41. Rf1 Qg3 42. Rxh1 Qxf3+ 43. Kd2 Qxh1 44. Ba6 Qg2+ 45. Ke1 Qxa2 46.
Be2 Kf7 47. Qc3 Qb1+ 48. Kf2 Qxe4 49. Qh3 Kg7 50. Qe6 Qf5 51. Qe7+ Qf7 52. Qd8
f3 53. Bf1 Ng4+ 54. Kg3 Ne3 55. Kf2 Nf5 56. Bh3 Qe7 57. Qd7 Kf6 58. Bxf5 gxf5
59. Kxf3 Qxd7 60. cxd7 Ke7 61. b5 Kxd7  1/2-1/2

[Event "2. Bundesliga Ost 2019/2020"]
[Site "alle Wien"]
[Date "2020.01.19"]
[Round "7"]
[Board "4"]
[White "Exler, Veronika"]
[Black "Kuntner, Reinhard"]
[Result "0-1"]
[WhiteElo "2222"]
[BlackElo "2049"]
[PlyCount "132"]
[EventDate "2019.10.19"]
[EventType "team"]
[EventRounds "11"]
[EventCountry "AUT"]
[WhiteTeam "SC Donaustadt"]
[BlackTeam "Amateure"]

1. e4 Nf6 2. e5 Nd5 3. d4 d6 4. c4 Nb6 5. exd6 exd6 6. Nc3 Be7 7. Bd3 Nc6 8.
Nge2 O-O 9. O-O Bg4 10. Be3 Nb4 11. b3 Nxd3 12. Qxd3 Re8 13. Ng3 d5 14. c5 Nc8
15. f3 Be6 16. f4 f6 17. f5 Bf7 18. Bf4 c6 19. b4 b6 20. Qa6 Qd7 21. Rac1 Bf8
22. b5 Re7 23. Na4 cxb5 24. c6 Qd8 25. c7 Qd7 26. Qb7 bxa4 27. Qxa8 g5 28. Bd2
a5 29. Qa6 Re8 30. Bxa5 bxa5 31. Qxf6 Qe7 32. Qa6 Qe3+ 33. Kh1 Qxd4 34. Qxa5 a3
35. Rfd1 Qf2 36. Qd2 Qxd2 37. Rxd2 Bd6 38. Re2 Kf8 39. Kg1 Re7 40. Kf1 Bf4 41.
Rc6 d4 42. f6 Rd7 43. Ke1 d3 44. Rf2 d2+ 45. Kd1 Bxg3 46. hxg3 Bh5+ 47. Rf3 Kf7
48. Rcc3 Bxf3+ 49. gxf3 Kxf6 50. Rxa3 Rxc7 51. Kxd2 Ra7 52. Rxa7 Nxa7 53. Ke3
Ke6 54. f4 g4 55. a4 Nc6 56. Ke4 Na5 57. Kd4 h5 58. Ke4 Nb7 59. Kd4 Kf5 60. Ke3
Na5 61. Kd3 h4 62. gxh4 Kxf4 63. Ke2 Kf5 64. Kf2 Kg6 65. Kg2 Kh5 66. Kg3 Nb7
 0-1

[Event "2. Bundesliga Ost 2019/2020"]
[Site "alle Wien"]
[Date "2020.01.19"]
[Round "7"]
[Board "5"]
[White "Bachofner, Christian"]
[Black "Froewis, Annika"]
[Result "0-1"]
[WhiteElo "2030"]
[BlackElo "2074"]
[PlyCount "86"]
[EventDate "2019.10.19"]
[EventType "team"]
[EventRounds "11"]
[EventCountry "AUT"]
[WhiteTeam "Amateure"]
[BlackTeam "SC Donaustadt"]

1. e4 e5 2. Nf3 Nc6 3. Nc3 Nf6 4. g3 Bc5 5. Bg2 a6 6. O-O d6 7. h3 O-O 8. d3
Be6 9. Qe2 h6 10. Be3 Bb4 11. a3 Bxc3 12. bxc3 d5 13. exd5 Bxd5 14. c4 Be6 15.
Bd2 Qd6 16. Bc3 Nd7 17. Rfe1 f6 18. Bb2 Nc5 19. Nd2 Na4 20. Reb1 Qd7 21. Kh2
Rae8 22. Nf3 b6 23. Qd2 Nxb2 24. Rxb2 Bf7 25. Re1 Bh5 26. Qe3 Qd6 27. Ra2 Bf7
28. Raa1 f5 29. Nh4 Nd4 30. Qc1 Bh5 31. Bd5+ Kh8 32. Rb1 g5 33. c3 Ne2 34. Qd2
gxh4 35. Rxe2 hxg3+ 36. fxg3 Bxe2 37. Qxe2 Qxa3 38. Qd2 Rf6 39. Rf1 Qd6 40. Qe3
c6 41. Bf3 f4 42. gxf4 Rxf4 43. Kh1 Ref8  0-1

[Event "2. Bundesliga Ost 2019/2020"]
[Site "alle Wien"]
[Date "2020.01.19"]
[Round "7"]
[Board "6"]
[White "Schwab, Rene"]
[Black "Jirovec, Alfred"]
[Result "1/2-1/2"]
[WhiteElo "2148"]
[BlackElo "2006"]
[PlyCount "79"]
[EventDate "2019.10.19"]
[EventType "team"]
[EventRounds "11"]
[EventCountry "AUT"]
[WhiteTeam "SC Donaustadt"]
[BlackTeam "Amateure"]

1. e4 e6 2. d4 d5 3. exd5 exd5 4. Bf4 Nf6 5. Bd3 Be7 6. c3 a6 7. Nd2 Nc6 8. h3
Bd6 9. Qf3 Bxf4 10. Qxf4 Be6 11. Ne2 Qe7 12. Nb3 O-O 13. O-O b6 14. Ng3 Qd7 15.
Rfe1 Ne7 16. Qf3 Rfc8 17. Nd2 c5 18. Qf4 Re8 19. Nf3 Qc8 20. Re2 Qb8 21. Qg5
Ng6 22. Bxg6 hxg6 23. Rae1 Qd6 24. Ne5 cxd4 25. cxd4 Rac8 26. Qf4 Rcd8 27. Qh4
Bc8 28. Qf4 a5 29. Rc1 Bb7 30. Rec2 Re7 31. Qg5 Rde8 32. Nf3 Ne4 33. Qg4 Nxg3
34. fxg3 Re4 35. Qg5 Qb4 36. Kh2 Qb5 37. Rc7 Ba6 38. R7c2 Re2 39. Rxe2 Rxe2 40.
Ne5  1/2-1/2

[Event "2. Bundesliga Ost 2019/2020"]
[Site "alle Wien"]
[Date "2020.01.19"]
[Round "7"]
[Board "1"]
[White "Lizak, Peter"]
[Black "Baumegger, Siegfried"]
[Result "1/2-1/2"]
[WhiteElo "2460"]
[BlackElo "2432"]
[PlyCount "82"]
[EventDate "2019.10.19"]
[EventType "team"]
[EventRounds "11"]
[EventCountry "AUT"]
[WhiteTeam "Data Technology Pressbaum/E."]
[BlackTeam "tschaturanga"]

1. d4 Nf6 2. Bf4 d5 3. e3 c5 4. Nc3 cxd4 5. exd4 a6 6. h3 Nc6 7. Nf3 Bf5 8. Bd3
Bxd3 9. Qxd3 e6 10. O-O Bd6 11. Ne2 O-O 12. c3 Rc8 13. Rfe1 Ne4 14. Bxd6 Qxd6
15. Nc1 f6 16. Nb3 Rfe8 17. Rad1 Rc7 18. Nfd2 Ng5 19. a3 Rce7 20. c4 e5 21. h4
e4 22. Qg3 Nf7 23. Qxd6 Nxd6 24. cxd5 Nb8 25. Rc1 Nd7 26. Nc4 Nxc4 27. Rxc4 Nb6
28. Rc5 Rd7 29. Nd2 f5 30. d6 g6 31. Rc7 Red8 32. f3 Rxd6 33. Rxb7 Rxd4 34.
Rxb6 Rxd2 35. fxe4 Re8 36. e5 Rc8 37. e6 Rcc2 38. e7 Rxg2+ 39. Kh1 Rh2+ 40. Kg1
Rcg2+ 41. Kf1 Rf2+  1/2-1/2

[Event "2. Bundesliga Ost 2019/2020"]
[Site "alle Wien"]
[Date "2020.01.19"]
[Round "7"]
[Board "2"]
[White "Morgunov, Marc"]
[Black "Videki, Sandor"]
[Result "1-0"]
[WhiteElo "2280"]
[BlackElo "2405"]
[PlyCount "69"]
[EventDate "2019.10.19"]
[EventType "team"]
[EventRounds "11"]
[EventCountry "AUT"]
[WhiteTeam "tschaturanga"]
[BlackTeam "Data Technology Pressbaum/E."]

1. e4 c5 2. Nf3 g6 3. d4 cxd4 4. Nxd4 Bg7 5. c4 Qb6 6. Nb3 Nc6 7. Nc3 Bxc3+ 8.
bxc3 d6 9. c5 dxc5 10. Be3 Nf6 11. Bxc5 Qc7 12. Qc2 O-O 13. Be2 b6 14. Ba3 Bb7
15. O-O Rac8 16. f3 Rfd8 17. Rfd1 Ne5 18. c4 Rxd1+ 19. Rxd1 Kf8 20. Qb2 Kg8 21.
c5 Nc6 22. cxb6 axb6 23. Nd2 Nd7 24. Nc4 Ra8 25. Ne3 Nf6 26. Bd6 exd6 27. Qxf6
Qd8 28. Qxd6 Qxd6 29. Rxd6 Rxa2 30. Bb5 Ra1+ 31. Kf2 Rc1 32. Rd7 Na5 33. Ng4
Rc5 34. Nh6+ Kg7 35. Nxf7  1-0

[Event "2. Bundesliga Ost 2019/2020"]
[Site "alle Wien"]
[Date "2020.01.19"]
[Round "7"]
[Board "3"]
[White "Hechl, Gerald"]
[Black "Sadilek, Maximilian"]
[Result "1-0"]
[WhiteElo "2359"]
[BlackElo "2313"]
[PlyCount "135"]
[EventDate "2019.10.19"]
[EventType "team"]
[EventRounds "11"]
[EventCountry "AUT"]
[WhiteTeam "Data Technology Pressbaum/E."]
[BlackTeam "tschaturanga"]

1. c4 b6 2. Nf3 Bb7 3. g3 e5 4. d3 Bb4+ 5. Nc3 Nc6 6. Bg2 Qe7 7. O-O Bxc3 8.
bxc3 Nf6 9. Nh4 g6 10. f4 exf4 11. Rxf4 O-O-O 12. Qf1 g5 13. Rxf6 gxh4 14. Rxf7
Qc5+ 15. Qf2 Qa5 16. Bd2 hxg3 17. hxg3 h5 18. Rf5 Qa3 19. Bg5 Rde8 20. Bf6 Rhf8
21. Rf1 Qxa2 22. e4 Qa3 23. c5 Ba6 24. Qe3 Nd8 25. cxb6 axb6 26. Bxd8 Rxd8 27.
Qf3 Rfe8 28. e5 c6 29. Rb1 Qxc3 30. Rxb6 Qxd3 31. Rxc6+ Kb8 32. Rb6+ Kc7 33.
Qxd3 Bxd3 34. Rb7+ Kc8 35. Rxh5 Rg8 36. Kh2 Rh8 37. Rh4 Rxh4+ 38. gxh4 Rh8 39.
Rb4 Rh5 40. Rd4 Bg6 41. Bh3 Be8 42. e6 dxe6 43. Bxe6+ Kc7 44. Kg3 Re5 45. Bg4
Re1 46. Kf4 Rh1 47. Kg5 Re1 48. Kf6 Rh1 49. Be6 Re1 50. Rf4 Kd6 51. Bf7 Bxf7
52. Kxf7 Re7+ 53. Kg6 Ke5 54. Rf1 Ra7 55. h5 Ra2 56. Rf5+ Ke6 57. Rf6+ Ke7 58.
Kg7 Rg2+ 59. Rg6 Rf2 60. h6 Rf7+ 61. Kh8 Rf8+ 62. Rg8 Rf2 63. Kg7 Rf7+ 64. Kg6
Rf6+ 65. Kg5 Rf7 66. Ra8 Rf8 67. Ra7+ Ke6 68. h7  1-0

[Event "2. Bundesliga Ost 2019/2020"]
[Site "alle Wien"]
[Date "2020.01.19"]
[Round "7"]
[Board "4"]
[White "Sadilek, Peter"]
[Black "Neumeier, Klaus"]
[Result "0-1"]
[WhiteElo "2280"]
[BlackElo "2273"]
[PlyCount "154"]
[EventDate "2019.10.19"]
[EventType "team"]
[EventRounds "11"]
[EventCountry "AUT"]
[WhiteTeam "tschaturanga"]
[BlackTeam "Data Technology Pressbaum/E."]

1. d4 d5 2. c4 e6 3. Nf3 Nf6 4. g3 Bb4+ 5. Bd2 Bd6 6. Nc3 c6 7. Bg2 Nbd7 8. b3
O-O 9. O-O Qe7 10. Qc2 dxc4 11. bxc4 e5 12. e3 h6 13. Nh4 Bc7 14. d5 cxd5 15.
Nxd5 Nxd5 16. cxd5 Nc5 17. Nf5 Bxf5 18. Qxf5 Bd6 19. Rac1 Rfe8 20. e4 Na6 21.
Rc4 Bc5 22. Rfc1 b6 23. Qg4 Qf6 24. Qe2 Red8 25. Bh3 Nc7 26. Kg2 Nb5 27. Be3
Nd6 28. Ra4 Nb7 29. Bxc5 Nxc5 30. Rac4 Re8 31. Qe3 Rad8 32. Bg4 Qg5 33. Qxg5
hxg5 34. Bd1 Rd6 35. Ba4 Rb8 36. Bc6 Kf8 37. Kf3 Rf6+ 38. Ke2 Ke7 39. Rb1 Rh8
40. Rxc5 Rxh2 41. Rc3 Rfxf2+ 42. Kd3 Rxa2 43. Bb5 a6 44. Bc4 Rad2+ 45. Ke3 b5
46. Bf1 g4 47. Re1 Rdf2 48. Be2 Rfg2 49. Rc7+ Kf6 50. Rf1+ Kg6 51. Bxg4 Rxg3+
52. Bf3 Ra2 53. Rc3 Kf6 54. Rd3 Ke7 55. d6+ Kd8 56. d7 Ra4 57. Rfd1 f5 58. Rc3
f4+ 59. Ke2 Rd4 60. Rxd4 exd4 61. Rd3 Kxd7 62. Rxd4+ Ke6 63. Rd8 g5 64. Re8+
Kd7 65. Rg8 b4 66. Rg7+ Ke6 67. Rg6+ Ke5 68. Rxa6 g4 69. Ra5+ Kd4 70. Bxg4 Rxg4
71. Kf3 Rh4 72. Rd5+ Kc4 73. Rd8 b3 74. e5 b2 75. Rb8 Rh3+ 76. Kxf4 Rb3 77.
Rc8+ Kd4  0-1

[Event "2. Bundesliga Ost 2019/2020"]
[Site "alle Wien"]
[Date "2020.01.19"]
[Round "7"]
[Board "5"]
[White "Weissenbeck, Manuel"]
[Black "Matt, Fabian"]
[Result "1/2-1/2"]
[WhiteElo "2271"]
[BlackElo "2303"]
[PlyCount "28"]
[EventDate "2019.10.19"]
[EventType "team"]
[EventRounds "11"]
[EventCountry "AUT"]
[WhiteTeam "Data Technology Pressbaum/E."]
[BlackTeam "tschaturanga"]

1. d4 Nf6 2. Nf3 g6 3. c4 Bg7 4. Nc3 d5 5. cxd5 Nxd5 6. e4 Nxc3 7. bxc3 c5 8.
Be3 Bg4 9. Bb5+ Nc6 10. O-O cxd4 11. cxd4 O-O 12. Bxc6 bxc6 13. Rc1 Bxf3 14.
Qxf3 Bxd4  1/2-1/2

[Event "2. Bundesliga Ost 2019/2020"]
[Site "alle Wien"]
[Date "2020.01.19"]
[Round "7"]
[Board "6"]
[White "Kaphle, Sebastian"]
[Black "Wandl, Werner"]
[Result "1-0"]
[WhiteElo "2191"]
[BlackElo "2021"]
[PlyCount "61"]
[EventDate "2019.10.19"]
[EventType "team"]
[EventRounds "11"]
[EventCountry "AUT"]
[WhiteTeam "tschaturanga"]
[BlackTeam "Data Technology Pressbaum/E."]

1. e4 e6 2. d4 d5 3. Nd2 Nf6 4. e5 Nfd7 5. Bd3 c5 6. c3 Nc6 7. Ne2 Qb6 8. Nf3
cxd4 9. cxd4 f6 10. O-O fxe5 11. dxe5 Ncxe5 12. Nxe5 Nxe5 13. Be3 Bc5 14. Nf4
O-O 15. Bxh7+ Kxh7 16. Bxc5 Qxc5 17. Qh5+ Kg8 18. Qxe5 Qb6 19. Ng6 Rf6 20. Qh5
Qxb2 21. Rac1 Rxg6 22. Qxg6 Bd7 23. Rc7 Qb5 24. Rb1 Qa4 25. h4 Rf8 26. Rbxb7
Qd4 27. Qg3 Rf4 28. Rxd7 Rg4 29. Qf3 Rf4 30. Rxg7+ Kf8 31. Qa3+  1-0

[Event "2. Bundesliga Ost 2019/2020"]
[Site "alle Wien"]
[Date "2020.02.29"]
[Round "8"]
[Board "1"]
[White "Schroll, Gerhard"]
[Black "Baumegger, Siegfried"]
[Result "0-1"]
[WhiteElo "2317"]
[BlackElo "2432"]
[PlyCount "50"]
[EventDate "2019.10.19"]
[EventType "team"]
[EventRounds "11"]
[EventCountry "AUT"]
[WhiteTeam "ASVOE Mattersburg"]
[BlackTeam "tschaturanga"]

1. d4 Nf6 2. c4 e6 3. Nc3 Bb4 4. Bd2 O-O 5. e3 d5 6. Nf3 b6 7. cxd5 exd5 8. Be2
Bb7 9. O-O Nbd7 10. Qa4 Bd6 11. Ba6 Qc8 12. Bxb7 Qxb7 13. Nb5 Be7 14. Rac1 c5
15. dxc5 bxc5 16. Nc3 c4 17. Rb1 Nc5 18. Qc2 Rfc8 19. b3 Qd7 20. Rfd1 Nd3 21.
Ne1 Qf5 22. f3 Qg6 23. Nxd3 cxd3 24. Qb2 Bc5 25. Na4 Bxe3+  0-1

[Event "2. Bundesliga Ost 2019/2020"]
[Site "alle Wien"]
[Date "2020.02.29"]
[Round "8"]
[Board "2"]
[White "Morgunov, Marc"]
[Black "Wukits, Rene"]
[Result "1/2-1/2"]
[WhiteElo "2280"]
[BlackElo "2279"]
[PlyCount "44"]
[EventDate "2019.10.19"]
[EventType "team"]
[EventRounds "11"]
[EventCountry "AUT"]
[WhiteTeam "tschaturanga"]
[BlackTeam "ASVOE Mattersburg"]

1. e4 c5 2. Nf3 Nf6 3. Nc3 d6 4. d4 cxd4 5. Nxd4 g6 6. Be3 Bg7 7. f3 O-O 8. g4
Nc6 9. Qd2 Be6 10. O-O-O Nxd4 11. Bxd4 Qa5 12. Kb1 Rfc8 13. a3 Rab8 14. Ne2
Qxd2 15. Rxd2 b5 16. Bxa7 Ra8 17. Be3 b4 18. axb4 Ba2+ 19. Kc1 Bb3 20. Kb1 Ba2+
21. Kc1 Bb3 22. Kb1 Ba2+  1/2-1/2

[Event "2. Bundesliga Ost 2019/2020"]
[Site "alle Wien"]
[Date "2020.02.29"]
[Round "8"]
[Board "3"]
[White "Brod, Manfred"]
[Black "Sadilek, Maximilian"]
[Result "1-0"]
[WhiteElo "2217"]
[BlackElo "2313"]
[PlyCount "75"]
[EventDate "2019.10.19"]
[EventType "team"]
[EventRounds "11"]
[EventCountry "AUT"]
[WhiteTeam "ASVOE Mattersburg"]
[BlackTeam "tschaturanga"]

1. e4 c5 2. Nf3 Nc6 3. d4 cxd4 4. Nxd4 Nf6 5. Nc3 e5 6. Ndb5 d6 7. Bg5 a6 8.
Na3 b5 9. Nd5 Be7 10. Bxf6 Bxf6 11. c4 O-O 12. cxb5 Nd4 13. b6 Bh4 14. g3 Bg5
15. h4 Bf6 16. Nc4 Bb7 17. Nce3 Rc8 18. Bd3 g6 19. a4 Bg7 20. g4 f5 21. gxf5
gxf5 22. exf5 Bxd5 23. Nxd5 e4 24. Bxa6 Rc2 25. Rc1 Nf3+ 26. Kf1 Rd2 27. Qb3
Kh8 28. Rc8 Qd7 29. Rxf8+ Bxf8 30. Qc3+ Bg7 31. b7 Bxc3 32. b8=Q+ Kg7 33. Nxc3
Qxf5 34. Qa7+ Kf6 35. Qe3 d5 36. Qh6+ Ke5 37. Qg7+ Ke6 38. Bc8+  1-0

[Event "2. Bundesliga Ost 2019/2020"]
[Site "alle Wien"]
[Date "2020.02.29"]
[Round "8"]
[Board "4"]
[White "Sadilek, Peter"]
[Black "Strodl, Joachim"]
[Result "1-0"]
[WhiteElo "2280"]
[BlackElo "2165"]
[PlyCount "83"]
[EventDate "2019.10.19"]
[EventType "team"]
[EventRounds "11"]
[EventCountry "AUT"]
[WhiteTeam "tschaturanga"]
[BlackTeam "ASVOE Mattersburg"]

1. d4 g6 2. c4 Bg7 3. e4 d6 4. Nc3 e5 5. Nge2 exd4 6. Nxd4 Nc6 7. Be3 Nf6 8.
Be2 O-O 9. O-O Bd7 10. Nc2 Re8 11. f3 a5 12. Qd2 Ne5 13. Rac1 Bc6 14. Nd5 b6
15. Nd4 Bb7 16. Nb5 c5 17. Ndc7 Rc8 18. Nxe8 Nxe8 19. Rfd1 Bf8 20. Qe1 Qf6 21.
Rc2 h5 22. Rcd2 h4 23. f4 Nc6 24. Bg4 Rd8 25. e5 dxe5 26. fxe5 Qe7 27. Rd7 Rxd7
28. Rxd7 Qxe5 29. Rxb7 Nd6 30. Rxb6 Nxc4 31. Rxc6 Nxe3 32. Bf3 Qf4 33. Rc8 h3
34. Qc3 Qf5 35. Rxf8+ Kxf8 36. Qxe3 Qb1+ 37. Kf2 Qxb2+ 38. Qe2 Qb4 39. gxh3 c4
40. Qe5 Qd2+ 41. Kg3 f5 42. Qf6+  1-0

[Event "2. Bundesliga Ost 2019/2020"]
[Site "alle Wien"]
[Date "2020.02.29"]
[Round "8"]
[Board "5"]
[White "Salamon, Werner"]
[Black "Matt, Fabian"]
[Result "0-1"]
[WhiteElo "2149"]
[BlackElo "2303"]
[PlyCount "24"]
[EventDate "2019.10.19"]
[EventType "team"]
[EventRounds "11"]
[EventCountry "AUT"]
[WhiteTeam "ASVOE Mattersburg"]
[BlackTeam "tschaturanga"]

1. e4 d5 2. exd5 Qxd5 3. Nc3 Qd6 4. d4 Nf6 5. Nf3 c6 6. Bc4 Bg4 7. Bxf7+ Kxf7
8. Ne5+ Qxe5+ 9. dxe5 Bxd1 10. exf6 Bxc2 11. fxg7 Bxg7 12. Bd2 Nd7  0-1

[Event "2. Bundesliga Ost 2019/2020"]
[Site "alle Wien"]
[Date "2020.02.29"]
[Round "8"]
[Board "6"]
[White "Olivetti, Davide"]
[Black "Braun, Karl-Heinz"]
[Result "1/2-1/2"]
[WhiteElo "2192"]
[BlackElo "2052"]
[PlyCount "62"]
[EventDate "2019.10.19"]
[EventType "team"]
[EventRounds "11"]
[EventCountry "AUT"]
[WhiteTeam "tschaturanga"]
[BlackTeam "ASVOE Mattersburg"]

1. e4 c5 2. Nf3 d6 3. d4 cxd4 4. Nxd4 Nf6 5. Nc3 g6 6. Be3 Bg7 7. f3 Nc6 8. Bc4
a6 9. Bb3 Na5 10. Qd2 Nxb3 11. cxb3 h5 12. O-O-O Bd7 13. Kb1 Rc8 14. Bg5 Rc5
15. Rhe1 O-O 16. h4 Re8 17. Nc2 Nh7 18. Be3 Rc8 19. g4 hxg4 20. Nd5 Be6 21. h5
gxf3 22. Rh1 g5 23. Bxg5 Bxd5 24. exd5 Rxc2 25. Qxc2 Nxg5 26. Rdg1 Bf6 27. Qf5
e6 28. dxe6 Rxe6 29. Qxf3 Re1+ 30. Kc2 Kh8 31. Qf2 Rxg1  1/2-1/2

[Event "2. Bundesliga Ost 2019/2020"]
[Site "alle Wien"]
[Date "2020.02.29"]
[Round "8"]
[Board "1"]
[White "Stanec, Nikolaus"]
[Black "Lizak, Peter"]
[Result "1/2-1/2"]
[WhiteElo "2511"]
[BlackElo "2460"]
[PlyCount "114"]
[EventDate "2019.10.19"]
[EventType "team"]
[EventRounds "11"]
[EventCountry "AUT"]
[WhiteTeam "SC Donaustadt"]
[BlackTeam "Data Technology Pressbaum/E."]

1. c4 b6 2. Nc3 Bb7 3. Nf3 Nf6 4. g3 g6 5. Bg2 Bg7 6. O-O O-O 7. d4 Ne4 8. Nxe4
Bxe4 9. Be3 d6 10. Qd2 c5 11. Bh6 Nd7 12. Bxg7 Kxg7 13. Rfd1 Nf6 14. Rac1 Qc7
15. Bf1 Bxf3 16. exf3 e5 17. d5 Rae8 18. Re1 Nh5 19. Be2 f5 20. f4 Nf6 21. fxe5
Rxe5 22. Bd3 Rfe8 23. f4 Rxe1+ 24. Rxe1 Qf7 25. h3 Rxe1+ 26. Qxe1 Qe8 27. Qxe8
Nxe8 28. Kf2 h6 29. Ke3 Nf6 30. Be2 Kf7 31. Bf3 Ke7 32. Kd3 Kd8 33. Kc3 Kc7 34.
a3 a6 35. a4 Kd8 36. b3 Ke7 37. Kd3 Kf7 38. Ke3 Kg7 39. Be2 Kf8 40. Bf3 Kf7 41.
Be2 Ke8 42. Bd3 Kd8 43. Kf3 Kc7 44. Ke3 h5 45. Kf3 Kd8 46. Ke2 Ke8 47. Kf3 Ke7
48. Ke2 Kf7 49. Kf3 Kg7 50. Bc2 Kh6 51. Bd1 Kg7 52. Bc2 Kh7 53. Ke3 Kh6 54. Bd1
Kg7 55. Bc2 Kf8 56. Bd3 Ke7 57. Kf3 Kf7  1/2-1/2

[Event "2. Bundesliga Ost 2019/2020"]
[Site "alle Wien"]
[Date "2020.02.29"]
[Round "8"]
[Board "2"]
[White "Videki, Sandor"]
[Black "Schwab, Lukas"]
[Result "1/2-1/2"]
[WhiteElo "2405"]
[BlackElo "2166"]
[PlyCount "102"]
[EventDate "2019.10.19"]
[EventType "team"]
[EventRounds "11"]
[EventCountry "AUT"]
[WhiteTeam "Data Technology Pressbaum/E."]
[BlackTeam "SC Donaustadt"]

1. d4 d5 2. c4 e6 3. Nc3 Nf6 4. cxd5 exd5 5. Bg5 c6 6. e3 Be7 7. Bd3 Nbd7 8.
Bf4 Nf8 9. h3 Ne6 10. Be5 O-O 11. Qc2 h6 12. Nf3 b6 13. g4 Nd7 14. h4 c5 15. g5
cxd4 16. Bxd4 Ndc5 17. gxh6 Nxd4 18. Nxd4 gxh6 19. Nc6 Qd6 20. Nxe7+ Qxe7 21.
Nxd5 Qe5 22. O-O-O Bb7 23. Bc4 Rac8 24. f4 Qe6 25. Kb1 Bxd5 26. Bxd5 Qf6 27.
Qf2 Rfd8 28. e4 Ne6 29. Rhf1 Kf8 30. Qg3 Nc5 31. Rg1 a5 32. e5 Qf5+ 33. Ka1 Ke7
34. Qe3 Qc2 35. Rc1 Qd3 36. Qxd3 Nxd3 37. Rxc8 Rxc8 38. Bb7 Rc7 39. Ba6 Nxf4
40. Kb1 Ng6 41. Rf1 Nxe5 42. Rf5 Rc5 43. a3 Nd7 44. Rf4 f5 45. b4 axb4 46. axb4
Re5 47. Bd3 Kf6 48. Rd4 Nf8 49. Rd6+ Re6 50. Rd5 Re5 51. Rd6+ Re6  1/2-1/2

[Event "2. Bundesliga Ost 2019/2020"]
[Site "alle Wien"]
[Date "2020.02.29"]
[Round "8"]
[Board "3"]
[White "Froewis, Annika"]
[Black "Hechl, Gerald"]
[Result "0-1"]
[WhiteElo "2074"]
[BlackElo "2359"]
[PlyCount "90"]
[EventDate "2019.10.19"]
[EventType "team"]
[EventRounds "11"]
[EventCountry "AUT"]
[WhiteTeam "SC Donaustadt"]
[BlackTeam "Data Technology Pressbaum/E."]

1. e4 d6 2. d4 Nf6 3. Nc3 Nbd7 4. Nf3 e5 5. Bc4 Be7 6. O-O O-O 7. a4 a6 8. Re1
b6 9. dxe5 dxe5 10. Bg5 Bb7 11. Qe2 Ne8 12. Red1 Bxg5 13. Nxg5 Nd6 14. Rxd6
cxd6 15. Qh5 Nf6 16. Bxf7+ Kh8 17. Qh4 h6 18. Ne6 Qe7 19. Nxf8 Qxf7 20. Rd1
Qxf8 21. f3 Rd8 22. Qf2 Nd7 23. h3 Bc6 24. b3 b5 25. axb5 axb5 26. Qa7 b4 27.
Ne2 d5 28. exd5 Qc5+ 29. Qxc5 Nxc5 30. c4 Nxb3 31. Kf2 Ba4 32. f4 Nc5 33. Ra1
b3 34. fxe5 b2 35. Rg1 Ne4+ 36. Ke3 Bc2 37. Nf4 b1=Q 38. Rxb1 Bxb1 39. e6 Nd6
40. Kd4 g5 41. Nh5 Ba2 42. Nf6 Bxc4 43. e7 Nf5+ 44. Kxc4 Nxe7 45. Kc5 Kg7  0-1

[Event "2. Bundesliga Ost 2019/2020"]
[Site "alle Wien"]
[Date "2020.02.29"]
[Round "8"]
[Board "4"]
[White "Neumeier, Klaus"]
[Black "Schwab, Rene"]
[Result "1-0"]
[WhiteElo "2273"]
[BlackElo "2148"]
[PlyCount "81"]
[EventDate "2019.10.19"]
[EventType "team"]
[EventRounds "11"]
[EventCountry "AUT"]
[WhiteTeam "Data Technology Pressbaum/E."]
[BlackTeam "SC Donaustadt"]

1. c4 c6 2. g3 d5 3. Nf3 Bg4 4. Bg2 e6 5. cxd5 exd5 6. O-O Be7 7. d3 Nd7 8. Nc3
Ngf6 9. h3 Bxf3 10. Bxf3 O-O 11. e4 Ne5 12. Be2 Ng6 13. f4 dxe4 14. dxe4 Bc5+
15. Kg2 Bd4 16. Bf3 Bxc3 17. bxc3 Qa5 18. Qc2 Rad8 19. Be3 h5 20. Rad1 h4 21.
g4 Qc7 22. e5 Rxd1 23. Rxd1 Nd5 24. Bxd5 cxd5 25. Rxd5 Qc6 26. Qe4 Ne7 27. Rd4
Qxc3 28. Rc4 Qa3 29. Rc2 Rd8 30. Bf2 Nc6 31. e6 fxe6 32. Qxe6+ Kh8 33. Qe3 Qd6
34. Bxh4 Rf8 35. Bg3 Qd5+ 36. Kh2 Nd4 37. Rf2 a6 38. f5 b5 39. Be5 Ne6 40. Rd2
Qc4 41. Qh6+  1-0